000 00581nam a2200205Ia 4500
005 20230415113347.0
008 230125s9999 xx 000 0 und d
020 _a9788178815589
041 _aeng
082 _a658.3125
_bRAY
100 _aRay S, Ed.
_9115865
245 _aHuman Capital
_bAccounting and Valuation
250 _a1st Ed.
260 _c2006
_bICFAI publication
_aHyderabad
300 _a259p
500 _aPerformance;ICFAI Series Book
650 _aPerformance;ICFAI Series Book
_9181046
700 _aRay S, Ed. & Abhyankar M W, Donor
_9115866
942 _cBK
999 _c93637
_d93637